RAF Aircraft - Statistics

General Stats
  • This quiz has been taken 122 times
  • The average score is 9 of 29
Answer Stats
Hint Answer % Correct
Current Typhoon
89%
Heritage Spitfire
81%
Heritage Hurricane
70%
Heritage Lancaster
61%
Current C-17
49%
Current Chinook
46%
Current A400M
37%
Current F-35B
37%
Future Tempest
36%
Current Poseidon
34%
Current Puma
31%
Heritage Chipmunk
29%
Current Reaper
26%
Current Voyager
26%
Current Hawk T1
24%
Heritage Dakota
23%
Current Texan
23%
Current Tutor
23%
Future Protector
21%
Future Wedgetail
19%
Current Prefect
16%
Current Shadow
16%
Current Viking
16%
Current Phenom
11%
Current Juno HT1
6%
Current Jupiter HT1
6%
Current RC-135 Rivet Joint
6%
Current Envoy IV CC1
4%
Current A109SP
1%
No matching quizzes found
Score Distribution
Percent of People with Each Score
Percentile by Number Answered
Your Score History
You have not taken this quiz